| 000 | 00456cam a2200193ua 4500 | ||
|---|---|---|---|
| 001 | 5691 | ||
| 008 | 120121n1988 II |||gr||||Z||||||eng | ||
| 040 | _aMAIN | ||
| 041 | _aEnglish | ||
| 100 | _aVERMA, P. S. | ||
| 245 | _aANIMAL PHYSIOLOGY AND ECOLOGY | ||
| 250 | _a3RD. | ||
| 260 |
_aNEW DELHI _bS.CHAND & COMPANY _c1988 |
||
| 300 |
_a246.: _c22CM. |
||
| 653 | _aAnimal Physiology | ||
| 700 | _aAGARWALA, V. K. | ||
| 700 | _aTYAGI, B. S. | ||
| 942 | _cBK | ||
| 999 |
_c5676 _d5676 |
||